একাত্তরে গাইবান্ধা / (Record no. 52)
[ view plain ]
| 000 -LEADER | |
|---|---|
| fixed length control field | 01132nam a2200265 a 4500 |
| 001 - CONTROL NUMBER | |
| control field | 52 |
| 003 - CONTROL NUMBER IDENTIFIER | |
| rucl marc code | BD-RjUL |
| 005 - DATE AND TIME OF LATEST TRANSACTION | |
| control field | 20211208233112.0 |
| 008 - FIXED-LENGTH DATA ELEMENTS--GENERAL INFORMATION | |
| fixed length control field | 131109s2005 bg ad | b||| 001 0 ben d |
| 020 ## - INTERNATIONAL STANDARD BOOK NUMBER | |
| International Standard Book Number | 9846060114 |
| Terms of availability | : Tk.250.00 |
| 035 ## - SYSTEM CONTROL NUMBER | |
| System control number | (BD-RjUL)57 |
| 040 ## - CATALOGING SOURCE | |
| Original cataloging agency | BD-RjUL |
| Language of cataloging | ben |
| Transcribing agency | BD-RjUL |
| 041 ## - LANGUAGE CODE | |
| Language code of text/sound track or separate title | ben |
| 082 04 - DEWEY DECIMAL CLASSIFICATION NUMBER | |
| Edition number | 23 |
| Classification number | 954.924 |
| Author mark and year | RAE 2005 |
| 100 1# - MAIN ENTRY--PERSONAL NAME | |
| Personal name | রহমান, মো. মাহবুবর |
| 9 (RLIN) | 165 |
| 245 10 - TITLE STATEMENT | |
| Title | একাত্তরে গাইবান্ধা / |
| Statement of responsibility, etc. | মো. মাহবুবর রহমান |
| 260 ## - PUBLICATION, DISTRIBUTION, ETC. (IMPRINT) | |
| Place of publication, distribution, etc. | ঢাকা : |
| Name of publisher, distributor, etc. | বাংলাদেশ চর্চা , |
| Date of publication, distribution, etc. | ২০০৫. |
| 300 ## - PHYSICAL DESCRIPTION | |
| Pagination | ২৭৯ পৃ. : |
| Illustrations | চিত্র, ; |
| Size | ২৩ সেমি. |
| 490 ## - SERIES STATEMENT | |
| Series statement | বাংলাদেশ চর্চা ; |
| Volume/sequential designation | ১২ |
| 504 ## - BIBLIOGRAPHY, ETC. NOTE | |
| Bibliography, etc | গ্রন্থপঞ্জী ও নির্ঘন্ট সংযুক্ত. |
| 651 ## - SUBJECT ADDED ENTRY--GEOGRAPHIC NAME | |
| Geographic name | বাংলাদেশ |
| Geographic subdivision | গাইবান্ধা |
| General subdivision | ইতিহাস |
| Chronological subdivision | ১৯৭১ |
| 9 (RLIN) | 236376 |
| Geographic name | Bangladesh |
| Geographic subdivision | Gaibandha |
| General subdivision | History |
| Chronological subdivision | 1971 |
| 9 (RLIN) | 236377 |
| 830 ## - SERIES ADDED ENTRY--UNIFORM TITLE | |
| Uniform title | বাংলাদেশ চর্চা ; |
| Volume number/sequential designation | ১২ |
| 942 ## - ADDED ENTRY ELEMENTS (KOHA) | |
| Source of classification or shelving scheme | Dewey Decimal Classification |
| Koha item type | Books |
| Lost status | Source of classification or shelving scheme | Damaged status | Not for loan | Collection code | Permanent Location | Current Location | Shelving location | Date acquired | Source of acquisition | Cost, normal purchase price | Total Checkouts | Full call number | Date last seen | Date checked out | Copy number | Koha item type |
|---|---|---|---|---|---|---|---|---|---|---|---|---|---|---|---|---|
| Dewey Decimal Classification | Non-fiction | Central Library, University of Rajshahi | Central Library, University of Rajshahi | 04/06/2005 | History dept., RU | 250.00 | 3 | B 954.924 RAE 2005 | 23/07/2018 | 19/04/2017 | C-3 | Books | ||||
| Dewey Decimal Classification | Non-fiction | Central Library, University of Rajshahi | Central Library, University of Rajshahi | 04/06/2005 | History dept., RU | 250.00 | 6 | B 954.924 RAE 2005 | 14/11/2019 | 29/10/2019 | C-4 | Books | ||||
| Dewey Decimal Classification | Non-fiction | Central Library, University of Rajshahi | Central Library, University of Rajshahi | 04/06/2004 | History dept., RU | 250.00 | B 954.924 RAE 2005 | 06/11/2013 | C-5 | Books | ||||||
| Dewey Decimal Classification | Not For Loan | Non-fiction | Central Library, University of Rajshahi | Central Library, University of Rajshahi | Reading Room | 12/03/2017 | B 954.924 RAE 2005 | 12/03/2017 | C-1 | Books | ||||||
| Dewey Decimal Classification | Non-fiction | Central Library, University of Rajshahi | Central Library, University of Rajshahi | 04/06/2005 | Dept. of History, RU | 250.00 | B 954.924 RAE 2005 | 02/05/2017 | C-2 | Books | ||||||
| Dewey Decimal Classification | Non-fiction | Central Library, University of Rajshahi | Central Library, University of Rajshahi | 11/12/2019 | The Author, Rajshahi | 250.00 | 2 | B 954.924 RAE 2005 | 05/03/2020 | 20/02/2020 | C-6 | Books | ||||
| Dewey Decimal Classification | Non-fiction | Central Library, University of Rajshahi | Central Library, University of Rajshahi | 11/12/2019 | The Author, Rajshahi | 250.00 | B 954.924 RAE 2005 | 12/12/2019 | C-7 | Books | ||||||
| Dewey Decimal Classification | Non-fiction | Central Library, University of Rajshahi | Central Library, University of Rajshahi | 11/12/2019 | The Author, Rajshahi | 250.00 | B 954.924 RAE 2005 | 12/12/2019 | C-8 | Books |